<?xml version="1.0" encoding="UTF-8"?>
<record
    xmlns:xsi="http://www.w3.org/2001/XMLSchema-instance"
    xsi:schemaLocation="http://www.loc.gov/MARC21/slim http://www.loc.gov/standards/marcxml/schema/MARC21slim.xsd"
    xmlns="http://www.loc.gov/MARC21/slim">

  <leader>01791nam0a2200337 i 4500</leader>
  <controlfield tag="001">RU\NLR\BIBL_A\011209825</controlfield>
  <controlfield tag="005">20260406095554.0</controlfield>
  <datafield tag="010" ind1=" " ind2=" ">
    <subfield code="a">9785389112254</subfield>
    <subfield code="9">7000</subfield>
  </datafield>
  <datafield tag="021" ind1=" " ind2=" ">
    <subfield code="a">RU</subfield>
    <subfield code="b">2016-64861</subfield>
    <subfield code="9">4144</subfield>
  </datafield>
  <datafield tag="035" ind1=" " ind2=" ">
    <subfield code="a">(NLR Aleph) 011209825</subfield>
  </datafield>
  <datafield tag="090" ind1=" " ind2=" ">
    <subfield code="a">11965716</subfield>
    <subfield code="c">11965716</subfield>
  </datafield>
  <datafield tag="100" ind1=" " ind2=" ">
    <subfield code="a">20160907d2016    c  y0rusy50      ca</subfield>
  </datafield>
  <datafield tag="101" ind1="1" ind2=" ">
    <subfield code="a">rus</subfield>
    <subfield code="c">eng</subfield>
  </datafield>
  <datafield tag="102" ind1=" " ind2=" ">
    <subfield code="a">RU</subfield>
  </datafield>
  <datafield tag="105" ind1=" " ind2=" ">
    <subfield code="a">a   z   000ay</subfield>
  </datafield>
  <datafield tag="200" ind1="1" ind2=" ">
    <subfield code="a">&#x412;&#x441;&#x451; &#x43E; &#x43C;&#x435;&#x434;&#x432;&#x435;&#x436;&#x43E;&#x43D;&#x43A;&#x435; &#x41F;&#x430;&#x434;&#x434;&#x438;&#x43D;&#x433;&#x442;&#x43E;&#x43D;&#x435;</subfield>
    <subfield code="e">&#x43D;&#x43E;&#x432;&#x44B;&#x435; &#x43D;&#x435;&#x431;&#x44B;&#x432;&#x430;&#x43B;&#x44B;&#x435; &#x438;&#x441;&#x442;&#x43E;&#x440;&#x438;&#x438;</subfield>
    <subfield code="e">[&#x43F;&#x43E;&#x432;&#x435;&#x441;&#x442;&#x438;</subfield>
    <subfield code="e">&#x434;&#x43B;&#x44F; &#x43C;&#x43B;&#x430;&#x434;&#x448;&#x435;&#x433;&#x43E; &#x448;&#x43A;&#x43E;&#x43B;&#x44C;&#x43D;&#x43E;&#x433;&#x43E; &#x432;&#x43E;&#x437;&#x440;&#x430;&#x441;&#x442;&#x430;]</subfield>
    <subfield code="f">&#x41C;&#x430;&#x439;&#x43A;&#x43B; &#x411;&#x43E;&#x43D;&#x434;</subfield>
    <subfield code="g">[&#x43F;&#x435;&#x440;. &#x441; &#x430;&#x43D;&#x433;&#x43B;. &#x410;&#x43B;&#x435;&#x43A;&#x441;&#x430;&#x43D;&#x434;&#x440;&#x44B; &#x413;&#x43B;&#x435;&#x431;&#x43E;&#x432;&#x441;&#x43A;&#x43E;&#x439;, &#x41A;&#x430;&#x442;&#x435;&#x440;&#x438;&#x43D;&#x44B; &#x421;&#x438;&#x432;&#x435;&#x440;&#x446;&#x435;&#x432;&#x43E;&#x439;</subfield>
    <subfield code="g">&#x438;&#x43B;. &#x432; &#x442;&#x435;&#x43A;&#x441;&#x442;&#x435; &#x41F;&#x435;&#x433;&#x433;&#x438; &#x424;&#x43E;&#x440;&#x442;&#x43D;&#x443;&#x43C;, &#x420;. &#x412;. &#x42D;&#x43B;&#x43B;&#x438;]</subfield>
  </datafield>
  <datafield tag="210" ind1=" " ind2=" ">
    <subfield code="a">&#x421;&#x430;&#x43D;&#x43A;&#x442;-&#x41F;&#x435;&#x442;&#x435;&#x440;&#x431;&#x443;&#x440;&#x433;</subfield>
    <subfield code="c">&#x410;&#x437;&#x431;&#x443;&#x43A;&#x430;</subfield>
    <subfield code="c">&#x410;&#x437;&#x431;&#x443;&#x43A;&#x430;-&#x410;&#x442;&#x442;&#x438;&#x43A;&#x443;&#x441;</subfield>
    <subfield code="d">2016</subfield>
  </datafield>
  <datafield tag="215" ind1=" " ind2=" ">
    <subfield code="a">507, [2] &#x441;.</subfield>
    <subfield code="c">&#x438;&#x43B;.</subfield>
    <subfield code="d">25</subfield>
  </datafield>
  <datafield tag="225" ind1="1" ind2=" ">
    <subfield code="a">&#x421;&#x435;&#x440;&#x438;&#x44F; "&#x412;&#x441;&#x451; &#x43E;..."</subfield>
  </datafield>
  <datafield tag="300" ind1=" " ind2=" ">
    <subfield code="a">&#x41D;&#x430; &#x442;&#x438;&#x442;. &#x43B;. &#x438; &#x43E;&#x431;&#x43B;.: &#x41C;&#x435;&#x434;&#x432;&#x435;&#x436;&#x43E;&#x43D;&#x43E;&#x43A; &#x41F;&#x430;&#x434;&#x434;&#x438;&#x43D;&#x433;&#x442;&#x43E;&#x43D; &#x441;&#x434;&#x430;&#x451;&#x442; &#x44D;&#x43A;&#x437;&#x430;&#x43C;&#x435;&#x43D;, &#x41C;&#x435;&#x434;&#x432;&#x435;&#x436;&#x43E;&#x43D;&#x43E;&#x43A; &#x41F;&#x430;&#x434;&#x434;&#x438;&#x43D;&#x433;&#x442;&#x43E;&#x43D; &#x437;&#x434;&#x435;&#x441;&#x44C; &#x438; &#x441;&#x435;&#x439;&#x447;&#x430;&#x441;, &#x41C;&#x435;&#x434;&#x432;&#x435;&#x436;&#x43E;&#x43D;&#x43E;&#x43A; &#x41F;&#x430;&#x434;&#x434;&#x438;&#x43D;&#x433;&#x442;&#x43E;&#x43D; - &#x447;&#x435;&#x43C;&#x43F;&#x438;&#x43E;&#x43D;, &#x41C;&#x435;&#x434;&#x432;&#x435;&#x436;&#x43E;&#x43D;&#x43E;&#x43A; &#x41F;&#x430;&#x434;&#x434;&#x438;&#x43D;&#x433;&#x442;&#x43E;&#x43D;. &#x421; &#x43B;&#x44E;&#x431;&#x43E;&#x432;&#x44C;&#x44E; - &#x437;&#x430;&#x433;&#x43B;&#x430;&#x432;&#x438;&#x44F; &#x43A;&#x43D;&#x438;&#x433;, &#x43A;&#x43E;&#x442;&#x43E;&#x440;&#x44B;&#x435; &#x43B;&#x435;&#x433;&#x43B;&#x438; &#x432; &#x43E;&#x441;&#x43D;&#x43E;&#x432;&#x443; &#x434;&#x430;&#x43D;&#x43D;&#x43E;&#x433;&#x43E; &#x438;&#x437;&#x434;.</subfield>
  </datafield>
  <datafield tag="333" ind1=" " ind2=" ">
    <subfield code="a">6+</subfield>
  </datafield>
  <datafield tag="686" ind1="0" ind2=" ">
    <subfield code="a">&#x428;9(4&#x412;&#x43B;)60-4</subfield>
  </datafield>
  <datafield tag="700" ind1=" " ind2="1">
    <subfield code="a">&#x411;&#x43E;&#x43D;&#x434;</subfield>
    <subfield code="b">&#x41C;.</subfield>
    <subfield code="f">1926-2017</subfield>
    <subfield code="g">&#x41C;&#x430;&#x439;&#x43A;&#x43B;</subfield>
    <subfield code="3">RU\NLR\AUTH\7772784</subfield>
    <subfield code="9">55712</subfield>
  </datafield>
  <datafield tag="702" ind1=" " ind2="1">
    <subfield code="a">&#x424;&#x43E;&#x440;&#x442;&#x43D;&#x443;&#x43C;</subfield>
    <subfield code="b">&#x41F;.</subfield>
    <subfield code="g">&#x41F;&#x435;&#x433;&#x433;&#x438;</subfield>
    <subfield code="4">440</subfield>
  </datafield>
  <datafield tag="702" ind1=" " ind2="1">
    <subfield code="a">&#x42D;&#x43B;&#x43B;&#x438;</subfield>
    <subfield code="b">&#x420;.&#x412;.</subfield>
    <subfield code="g">&#x420;&#x43E;&#x431;&#x435;&#x440;&#x442; &#x412;.</subfield>
    <subfield code="4">440</subfield>
  </datafield>
  <datafield tag="942" ind1=" " ind2=" ">
    <subfield code="c">BOOK</subfield>
  </datafield>
  <datafield tag="980" ind1=" " ind2=" ">
    <subfield code="a">NBR</subfield>
  </datafield>
</record>
